Characterization, Testing, Measurement and Metrology (Record no. 3624)

MARC details
005 - DATE AND TIME OF LATEST TRANSACTION
control field 20250610133750.0
020 ## - INTERNATIONAL STANDARD BOOK NUMBER
International Standard Book Number 978-0-367-27515-0
082 ## - DEWEY DECIMAL CLASSIFICATION NUMBER
Classification number 389.152 PRA
245 ## - TITLE STATEMENT
Title Characterization, Testing, Measurement and Metrology
250 ## - EDITION STATEMENT
Edition statement 7th Ed
260 ## - PUBLICATION, DISTRIBUTION, ETC.
Place of publication, distribution, etc. London,
Name of publisher, distributor, etc. CRC Press,
Date of publication, distribution, etc. 2021.
300 ## - PHYSICAL DESCRIPTION
Extent xii, 192p.: ill.; figure, table
Other physical details References & Index
Dimensions 24cm.
700 ## - ADDED ENTRY--PERSONAL NAME
Other authors/Editors PRAKASH, C. & SINGH, S. & DAVIM, J. P.
856 ## - ELECTRONIC LOCATION AND ACCESS
Link text Access Online Book
Electronic name Metrology
Path www.routledge.com
942 ## - ADDED ENTRY ELEMENTS (KOHA)
Source of classification or shelving scheme Dewey Decimal Classification
Koha item type Books
Holdings
Date last seen Total checkouts Full call number Barcode Cost, replacement price Price effective from Koha item type Lost status Source of classification or shelving scheme Damaged status Not for loan Withdrawn status Home library Current library Shelving location Date acquired Cost, normal purchase price
06/10/2025   389.152 PRA 000000124490 999999.99 06/10/2025 Books   Dewey Decimal Classification       College of Business Education Main Library College of Business Education Main Library General Collection 09/17/2024 587116.00
06/10/2025   389.152 PRA 000000124491 999999.99 06/10/2025 Books   Dewey Decimal Classification       College of Business Education Main Library College of Business Education Main Library General Collection 09/17/2024 587116.00
06/10/2025   389.152 PRA 000000124492 999999.99 06/10/2025 Books   Dewey Decimal Classification       College of Business Education Main Library College of Business Education Main Library General Collection 09/17/2024 587116.00
06/10/2025   389.152 PRA 000000124493 999999.99 06/10/2025 Books   Dewey Decimal Classification       College of Business Education Main Library College of Business Education Main Library General Collection 09/17/2024 587116.00
06/10/2025   389.152 PRA 000000124494 999999.99 06/10/2025 Books   Dewey Decimal Classification       College of Business Education Main Library College of Business Education Main Library General Collection 09/17/2024 587116.00